000 00604nam a22001937a 4500
005 20260428123321.0
010 _aENG-147648
020 _a9789355292995
_c495.00
035 _aEN-131180
037 _bDBAD
082 _a235.4
_21
100 _aKuppuswamy, B.
_989000
245 _aThe Substance of Yogavasishtha:
_bA Sufi World Initiative/
_cB. Kuppuswamy
250 _a1
260 _aNew Delhi
_bAuthors Press
_c2022
270 _aQ-2A Hauz Khas Enclave
_bNew Delhi
_e110016
_k9818049852
_mauthorspressgroup@gmail.com
300 _a290p.
_c22cm(pb)
942 _2ddc
_cEN
_h235.4
_mKUP
999 _c216013
_d216013